|
|
|
|
| LEADER |
01102nam a22002652a 4500 |
| 001 |
000169660 |
| 003 |
CZ BrMZK |
| 005 |
20171027130403.0 |
| 007 |
ta |
| 008 |
970107s1958 xr a f cze d |
| 015 |
|
|
|a cnb000683537
|
| 035 |
|
|
|a (OCoLC)7149206
|
| 040 |
|
|
|a BOA001
|b cze
|
| 100 |
1 |
|
|a Zeyer, Julius,
|d 1841-1901
|7 jk01152552
|4 aut
|
| 245 |
1 |
0 |
|a Světla východu :
|b výbor z díla s orientálními náměty /
|c Julius Zeyer ; uspořádal a závěrečnou pramennou studii napsal Pavel Poucha ; ilustrace a obálku nakreslil Jan Zrzavý
|
| 250 |
|
|
|a 1. vyd.
|
| 260 |
|
|
|a Praha :
|b Svobodné slovo-Melantrich,
|c 1958
|
| 300 |
|
|
|a 634 s. :
|b il.
|
| 700 |
1 |
|
|a Zrzavý, Jan,
|d 1890-1977
|7 jk01152821
|4 ill
|
| 700 |
1 |
|
|a Poucha, Pavel,
|d 1905-1986
|7 jk01100816
|4 edt
|
| 856 |
4 |
1 |
|u http://www.digitalniknihovna.cz/mzk/uuid/uuid:aaba3cf0-7e34-11e6-bb23-005056827e51
|y Digitalizovaný dokument
|x NDK
|
| 910 |
|
|
|a BOA001
|b 2-0407.927
|b PK-0020.044
|
| 964 |
|
|
|a Zeyer, Julius - dílo - výbory
|
| 990 |
|
|
|a BK
|
| 996 |
7 |
|
|b 3119943357
|c PK-0020.044
|l MZK
|r Sklad / do 1 hodiny
|n 32
|w 000169660
|u 000010
|a 1
|e BOA001
|j MZK50
|s A
|